000 01043nam a2200253 a 4500
001 000016192
005 20200929164320.0
008 100301s1999 dr a 000 0 spa d
040 _aDO-SdBNP
_bspa
_cBNPHU
082 _a346.043
_bF897c, 1999
100 1 _aFrías Castro, Clara I.
_936226
245 1 4 _aLos condominios en la República Dominicana :
_blegislación, procedimientos de aplicación, prácticas y usos /
_cClara I. Frías Castro, Danilo A. Féliz Sánchez, Ana D. Lara Portes.
250 _a2a. ed.
260 _aSanto Domingo :
_bDafesa, Consultores e Inversionistas,
_c1999.
300 _a233 p. :
_bil. ;
_c23 cm.
504 _aBibliografía : p. 217-220
590 _aInventariado, 2019/MFF
650 4 _aTenencia de tierra
_xLegislación
_zRepública Dominicana
_914598
650 4 _aCondominio
_xLegislación
_936227
650 4 _aRegistro de la propiedad
_zRepública Dominicana
_98463
700 1 _aFéliz Sánchez, Danilo A.
_936228
700 1 _aLara Portes, Ana D.
_936229
910 _aValidado. Control de calidad MFF
999 _c15731
_d15731